000 00535nam a22002057a 4500
003 OSt
005 20140310182946.0
008 130205t xxu||||| |||| 00| 0 eng d
020 _a97100001632
050 _aN7327
_b.Ag283 2002
082 _aF920
_b.Ag9 2002
245 _aNational artist and other awards
_cAguinaldo, M.M.
260 _aQuezon City :
_bMMA Publications,
_c2002
300 _a62 p.
_c20 cm.
521 _acollege students
526 _c1210L-1700L
541 _j1
562 _e1
942 _2lcc
_cBK
_kFIL
999 _c17821
_d17821